Savira kannina navilu (Record no. 134603)

MARC details
000 -LEADER
fixed length control field 00615nam a2200205Ia 4500
003 - CONTROL NUMBER IDENTIFIER
control field OSt
005 - DATE AND TIME OF LATEST TRANSACTION
control field 20251117103608.0
008 - FIXED-LENGTH DATA ELEMENTS--GENERAL INFORMATION
fixed length control field 210210b2007 xxu||||| |||| 00| 0 eng d
040 ## - CATALOGING SOURCE
Transcribing agency AL
041 ## - LANGUAGE CODE
Language code of text/sound track or separate title Kannada
082 ## - DEWEY DECIMAL CLASSIFICATION NUMBER
Classification number K894.301 CHAS
100 ## - MAIN ENTRY--PERSONAL NAME
Personal name CHANDRASHEKARA ALURU
Dates associated with a name ಚಂದ್ರಶೇಖರ ಆಲೂರು
9 (RLIN) 245831
245 ## - TITLE STATEMENT
Title Savira kannina navilu
Remainder of title ಸಾವಿರ ಕಣ್ಣಿನ ನವಿಲು
260 ## - PUBLICATION, DISTRIBUTION, ETC.
Place of publication, distribution, etc. Bengaluru
Name of publisher, distributor, etc. Kathana Prakashana
Date of publication, distribution, etc. 2007
300 ## - PHYSICAL DESCRIPTION
Extent 109
650 ## - SUBJECT ADDED ENTRY--TOPICAL TERM
Topical term or geographic name entry element ಕಥಾಸಂಕಲನ
9 (RLIN) 245832
690 ## - LOCAL SUBJECT ADDED ENTRY--TOPICAL TERM (OCLC, RLIN)
Topical term or geographic name as entry element Kannada Fiction
9 (RLIN) 245833
906 ## - LOCAL DATA ELEMENT F, LDF (RLIN)
a 063150
942 ## - ADDED ENTRY ELEMENTS (KOHA)
Source of classification or shelving scheme Dewey Decimal Classification
Koha item type Book
Holdings
Withdrawn status Lost status Source of classification or shelving scheme Damaged status Not for loan Collection code Home library Current library Shelving location Date acquired Source of acquisition Cost, normal purchase price Total Checkouts Full call number Barcode Date last seen Uniform Resource Identifier Price effective from Koha item type
    Dewey Decimal Classification     Kannada St Aloysius Library St Aloysius Library   02/17/2021 Athree Book Centre,Mangalore 60.00   K894.301 CHAS 063150 02/17/2021 https://books.google.co.in/books?id=l296EAAAQBAJ&printsec=frontcover&source=gbs_ge_summary_r&cad=0#v=onepage&q&f=false 02/17/2021 Book